[Event "Airthings Masters Div 2 W"]
[Site "chess.com INT"]
[Date "2023.02.06"]
[Round "1.1"]
[White "Nepomniachtchi, Ian"]
[Black "Pichot, Alan"]
[Result "1/2-1/2"]
[WhiteTitle "GM"]
[BlackTitle "GM"]
[WhiteElo "2793"]
[BlackElo "2638"]
[WhiteFideId "4168119"]
[BlackFideId "110973"]
[EventDate "2023.02.06"]

1. e4 e5 2. Nf3 Nc6 3. Bc4 Nf6 4. d3 h6 5. Nc3 Bc5 6. h3 a6 7. Be3 d6 8. d4 exd4
9. Nxd4 Ne5 10. Bb3 O-O 11. O-O Re8 12. Qd2 Ng6 13. f3 Nh5 14. Rae1 Nhf4 15. Nd5
Nxd5 16. Bxd5 c6 17. Bb3 Qf6 18. c3 Bd7 19. Bc2 Re7 20. f4 Rae8 21. f5 Ne5 22.
b3 d5 23. exd5 cxd5 24. Kh1 Nc6 25. Bg1 Nxd4 26. Rxe7 Rxe7 27. Bxd4 Bxd4 28.
cxd4 Qg5 29. Qf2 Bb5 30. Re1 Rxe1+ 31. Qxe1 Qf4 32. a4 Bd7 33. Qe7 Qf1+ 34. Kh2
Qf4+ 35. Kh1 Qf1+ 36. Kh2 Qf4+ 37. Kh1 1/2-1/2

[Event "Airthings Masters Div 2 W"]
[Site "chess.com INT"]
[Date "2023.02.06"]
[Round "1.2"]
[White "Pichot, Alan"]
[Black "Nepomniachtchi, Ian"]
[Result "0-1"]
[WhiteTitle "GM"]
[BlackTitle "GM"]
[WhiteElo "2638"]
[BlackElo "2793"]
[WhiteFideId "110973"]
[BlackFideId "4168119"]
[EventDate "2023.02.06"]

1. e4 e5 2. Nf3 Nc6 3. Bb5 a6 4. Ba4 d6 5. O-O Bd7 6. c4 g5 7. d4 g4 8. d5 Nce7
9. Bxd7+ Qxd7 10. Ne1 f5 11. exf5 h5 12. Nc3 Nxf5 13. Ne4 O-O-O 14. b4 Nd4 15.
Rb1 Qf5 16. Qd3 Nf6 17. Nxf6 Qxf6 18. Be3 Bg7 19. b5 e4 20. Qa3 Ne2+ 21. Kh1 Qh4
22. bxa6 Be5 23. axb7+ Kd7 24. g3 Qh3 25. Qa4+ Ke7 26. Ng2 h4 27. Bg5+ Bf6 28.
Bxf6+ Kxf6 29. gxh4 Nd4 0-1

[Event "Airthings Masters Div 2 W"]
[Site "chess.com INT"]
[Date "2023.02.06"]
[Round "1.3"]
[White "Nepomniachtchi, Ian"]
[Black "Pichot, Alan"]
[Result "1-0"]
[WhiteTitle "GM"]
[BlackTitle "GM"]
[WhiteElo "2793"]
[BlackElo "2638"]
[WhiteFideId "4168119"]
[BlackFideId "110973"]
[EventDate "2023.02.06"]

1. e4 e5 2. Nf3 Nc6 3. Bc4 Nf6 4. d3 h6 5. Nc3 Bc5 6. h3 a6 7. Be3 d6 8. Bxc5
dxc5 9. O-O O-O 10. Nd5 Be6 11. Ne3 Bxc4 12. Nxc4 Re8 13. c3 Qd7 14. Qe2 Rad8
15. Rfd1 b6 16. Ne3 Qe6 17. a3 a5 18. Kh2 Rd7 19. g4 Nh7 20. h4 Red8 21. Rd2 Ne7
22. h5 Qf6 23. Rg1 Ng5 24. Nxg5 Qxg5 25. Rg3 Rd6 26. Rd1 b5 27. Nf5 Nxf5 28.
gxf5 Qh4+ 29. Kg2 c4 30. d4 exd4 31. e5 Rd5 32. f6 dxc3 33. Rxd5 Rxd5 34. Qf3
Qd4 35. Rxg7+ Kf8 36. Rh7 Ke8 37. Qf5 1-0

[Event "Airthings Masters Div 2 W"]
[Site "chess.com INT"]
[Date "2023.02.06"]
[Round "1.1"]
[White "Lazavik, Denis"]
[Black "Predke, Alexandr"]
[Result "0-1"]
[WhiteTitle "GM"]
[BlackTitle "GM"]
[WhiteElo "2541"]
[BlackElo "2684"]
[WhiteFideId "13515110"]
[BlackFideId "24107581"]
[EventDate "2023.02.06"]

1. d4 Nf6 2. c4 e6 3. Nf3 Bb4+ 4. Bd2 Qe7 5. g3 Nc6 6. Nc3 Bxc3 7. Bxc3 Ne4 8.
Rc1 O-O 9. Bg2 d6 10. d5 Nd8 11. O-O f5 12. Be1 e5 13. Qc2 a5 14. Nh4 Nc5 15. f4
exf4 16. gxf4 Bd7 17. Kh1 b6 18. Bf3 Nf7 19. Rg1 Nh6 20. h3 g6 21. Ng2 Rae8 22.
Bh4 Qg7 23. e3 Ne4 24. Kh2 Kh8 25. Be1 Ng8 26. Bxe4 Rxe4 27. Bc3 Nf6 28. Qf2 Qh6
29. Nh4 Kg8 30. b3 Re7 31. Ba1 Ne4 32. Qe1 Kf7 33. Nf3 Ke8 34. Bd4 Qh5 35. Ng5
h6 36. Nxe4 fxe4 37. Rg3 g5 38. Qd2 Ref7 39. Rf1 Kd8 40. Kg2 Kc8 41. a3 Bf5 42.
b4 axb4 43. axb4 g4 44. hxg4 Bxg4 45. Rg1 Bf3+ 46. Kf1 Kd7 47. Rg7 Rxg7 48.
Rxg7+ Rf7 49. Rxf7+ Qxf7 50. Qh2 b5 51. Qh3+ Kd8 52. cxb5 Qxd5 53. Kf2 h5 54. b6
cxb6 55. Bxb6+ Ke7 56. Qh4+ Kf7 57. Kg3 Qd2 58. f5 Qe1+ 59. Kh3 Bg2+ 60. Kxg2
Qxh4 0-1

[Event "Airthings Masters Div 2 W"]
[Site "chess.com INT"]
[Date "2023.02.06"]
[Round "1.2"]
[White "Predke, Alexandr"]
[Black "Lazavik, Denis"]
[Result "0-1"]
[WhiteTitle "GM"]
[BlackTitle "GM"]
[WhiteElo "2684"]
[BlackElo "2541"]
[WhiteFideId "24107581"]
[BlackFideId "13515110"]
[EventDate "2023.02.06"]

1. e4 e5 2. Nf3 Nc6 3. Bb5 Nf6 4. d3 Bc5 5. O-O Nd4 6. Nxd4 Bxd4 7. Nd2 c6 8.
Ba4 d6 9. Bb3 h6 10. a4 a5 11. c3 Ba7 12. h3 O-O 13. Nf3 Re8 14. Re1 Be6 15. Bc2
Nh5 16. d4 exd4 17. cxd4 Nf6 18. Ra3 d5 19. e5 Ne4 20. Bxe4 dxe4 21. Rxe4 Bf5
22. Rf4 Bg6 23. Re3 Qd5 24. Qb3 Rad8 25. Qxb7 Rd7 26. Qb3 c5 27. Qxd5 Rxd5 28.
dxc5 Bxc5 29. Re1 Bb4 30. Rf1 Bc2 31. Be3 Bxa4 32. Rc1 Rd1+ 33. Rxd1 Bxd1 34.
Bd4 Rd8 35. Re4 Rd5 36. Be3 Be2 37. Kh2 Kh7 38. Rd4 Bxf3 39. gxf3 Rxe5 40. Bd2
Bc5 41. Re4 Rxe4 42. fxe4 a4 43. Kg2 Bd4 44. Bc1 Kg6 45. f4 f5 46. e5 Kf7 47. h4
h5 48. Kg3 Ke6 49. Kf3 Kd5 50. Kg3 g6 51. Kf3 Kc4 52. Kg3 Kd3 53. Kf3 Bc5 54. e6
Be7 55. Be3 Kc4 56. Bf2 Kd5 57. Ke2 Kxe6 58. Kd3 Kd5 59. Be1 Bf6 0-1

[Event "Airthings Masters Div 2 W"]
[Site "chess.com INT"]
[Date "2023.02.06"]
[Round "1.3"]
[White "Lazavik, Denis"]
[Black "Predke, Alexandr"]
[Result "1/2-1/2"]
[WhiteTitle "GM"]
[BlackTitle "GM"]
[WhiteElo "2541"]
[BlackElo "2684"]
[WhiteFideId "13515110"]
[BlackFideId "24107581"]
[EventDate "2023.02.06"]

1. d4 Nf6 2. c4 e6 3. Nf3 Bb4+ 4. Bd2 Qe7 5. g3 Nc6 6. Nc3 Bxc3 7. Bxc3 Ne4 8.
Rc1 O-O 9. Bg2 d6 10. d5 Nd8 11. O-O f5 12. Be1 e5 13. b4 f4 14. c5 Nf7 15. Rc4
Neg5 16. Nxg5 Nxg5 17. h4 Nf7 18. gxf4 Qxh4 19. f3 Qe7 20. Bg3 exf4 21. Rxf4 Bd7
22. cxd6 cxd6 23. Qd2 Qg5 24. Kf2 Qg6 25. Rg1 Rfc8 26. Bf1 Qc2 27. Rd4 Qxd2 28.
Rxd2 Rc4 29. a3 Rc3 30. Ra2 a5 31. bxa5 Rxa5 32. Rb2 b5 33. Bh4 Kf8 34. e4 Rcxa3
35. Be2 Ra2 36. Rgb1 g5 37. Bg3 Ke7 38. f4 gxf4 39. Bxf4 h6 40. Ke3 R5a3+ 41.
Kf2 Ra4 42. Rxa2 Rxa2 43. Ke3 Ra3+ 44. Kd4 Ra4+ 45. Ke3 Ng5 46. Bxg5+ hxg5 47.
Bxb5 Bxb5 48. Rxb5 Kf6 49. Rb8 Ra3+ 50. Kd4 Ra4+ 51. Ke3 Ra3+ 52. Kd4 Ra4+ 53.
Ke3 1/2-1/2

[Event "Airthings Masters Div 2 W"]
[Site "chess.com INT"]
[Date "2023.02.06"]
[Round "1.4"]
[White "Predke, Alexandr"]
[Black "Lazavik, Denis"]
[Result "1-0"]
[WhiteTitle "GM"]
[BlackTitle "GM"]
[WhiteElo "2684"]
[BlackElo "2541"]
[WhiteFideId "24107581"]
[BlackFideId "13515110"]
[EventDate "2023.02.06"]

1. e4 e5 2. Nf3 Nc6 3. Bb5 Nf6 4. d3 Bc5 5. O-O Nd4 6. Nxd4 Bxd4 7. c3 Bb6 8.
Na3 c6 9. Ba4 d6 10. Bc2 O-O 11. Nc4 Bc7 12. Bg5 h6 13. Bh4 d5 14. Ne3 dxe4 15.
dxe4 Qxd1 16. Rfxd1 Nh5 17. f3 Be6 18. Bb3 Bb6 19. Bf2 Nf4 20. Bxe6 Nxe6 21. Nc4
Bxf2+ 22. Kxf2 f6 23. Rd6 Rfe8 24. Rad1 Rac8 25. Na5 Rc7 26. b4 Kf7 27. a4 Ke7
28. R6d2 Rd8 29. Rxd8 Nxd8 30. Nc4 Nf7 31. Ne3 g6 32. c4 h5 33. h4 Ke6 34. c5 f5
35. Nc4 Rd7 36. exf5+ gxf5 37. Rxd7 Kxd7 38. g4 hxg4 39. fxg4 fxg4 40. Kg3 Ke6
41. Kxg4 Kd5 42. Nd6 Nxd6 43. cxd6 Kxd6 44. Kf5 Kd5 45. h5 e4 46. Kf4 Ke6 47.
Kxe4 Kf6 48. a5 b6 49. a6 Kg5 50. Ke5 Kxh5 51. Kd6 c5 52. bxc5 bxc5 53. Kxc5 Kg6
54. Kc6 Kf7 55. Kb7 Ke7 56. Kxa7 1-0

[Event "Airthings Masters Div 2 W"]
[Site "chess.com INT"]
[Date "2023.02.06"]
[Round "1.1"]
[White "Sadhwani, Raunak"]
[Black "Yu, Yangyi"]
[Result "0-1"]
[WhiteTitle "GM"]
[BlackTitle "GM"]
[WhiteElo "2627"]
[BlackElo "2729"]
[WhiteFideId "35093487"]
[BlackFideId "8603820"]
[EventDate "2023.02.06"]

1. e4 e5 2. Nf3 Nc6 3. Bc4 Nf6 4. d3 Bc5 5. O-O O-O 6. h3 d6 7. c3 a5 8. Bb5 Ba7
9. Re1 Ne7 10. d4 Ng6 11. a4 c6 12. Bd3 Re8 13. Be3 exd4 14. Bxd4 Ne5 15. Bc2
Nxf3+ 16. Qxf3 Bxd4 17. cxd4 Qb6 18. Qc3 Be6 19. Nd2 h6 20. Re3 Qb4 21. Rae1
Qxc3 22. Rxc3 Ra6 23. f4 Rb6 24. f5 Bd5 25. b3 Rb4 26. Nc4 Nxe4 27. Rce3 Bxc4
28. bxc4 d5 29. cxd5 cxd5 30. Bxe4 Rxe4 31. Rxe4 dxe4 32. Rxe4 Kf8 33. Re5 b6
34. Kf2 Rxd4 35. Rb5 Rxa4 36. Rxb6 Rf4+ 37. Ke3 Rxf5 0-1

[Event "Airthings Masters Div 2 W"]
[Site "chess.com INT"]
[Date "2023.02.06"]
[Round "1.2"]
[White "Yu, Yangyi"]
[Black "Sadhwani, Raunak"]
[Result "0-1"]
[WhiteTitle "GM"]
[BlackTitle "GM"]
[WhiteElo "2729"]
[BlackElo "2627"]
[WhiteFideId "8603820"]
[BlackFideId "35093487"]
[EventDate "2023.02.06"]

1. e4 e5 2. Nf3 Nc6 3. Nc3 Nf6 4. Bb5 Bd6 5. O-O O-O 6. d3 Ne7 7. Bg5 Ng6 8. Bc4
h6 9. Bxf6 Qxf6 10. Nb5 a6 11. Nxd6 Qxd6 12. d4 Qf6 13. dxe5 Nxe5 14. Nxe5 Qxe5
15. c3 Qxe4 16. Qb3 c6 17. Rfe1 Qg6 18. Re7 d5 19. Bf1 b5 20. Rae1 Qd6 21. R7e5
Be6 22. Qd1 Rad8 23. a3 c5 24. g3 d4 25. cxd4 Qxd4 26. Qxd4 cxd4 27. Bd3 Rc8 28.
Rd1 Rfd8 29. f3 g5 30. h4 gxh4 31. gxh4 Kg7 32. Kf2 Rd6 33. Rg1+ Kf8 34. Rd1 Bc4
35. Rc1 Rcc6 36. Be4 Rb6 37. Rd1 Rb8 38. Kg3 Rc8 39. Rd2 Be6 40. Rh5 Bb3 41. Kf4
Rc1 42. Re5 Rh1 43. Kg3 Bc4 44. Rc5 Re1 45. Rc6 Rxc6 46. Bxc6 d3 47. Be4 Re2 48.
Rxe2 dxe2 49. Kf2 a5 50. f4 Kg7 51. Bf3 Kg6 52. Bg4 b4 53. axb4 axb4 54. Ke1 Be6
55. h5+ Kf6 56. Bxe6 Kxe6 57. Kxe2 Kf5 58. Kf3 b3 59. Ke3 Kg4 60. Kd3 Kxh5 61.
Kc3 Kg4 62. Kxb3 h5 63. Kc2 h4 64. b4 h3 65. b5 h2 66. b6 h1=Q 0-1

[Event "Airthings Masters Div 2 W"]
[Site "chess.com INT"]
[Date "2023.02.06"]
[Round "1.3"]
[White "Sadhwani, Raunak"]
[Black "Yu, Yangyi"]
[Result "0-1"]
[WhiteTitle "GM"]
[BlackTitle "GM"]
[WhiteElo "2627"]
[BlackElo "2729"]
[WhiteFideId "35093487"]
[BlackFideId "8603820"]
[EventDate "2023.02.06"]

1. e4 e5 2. Nf3 Nc6 3. Bc4 Nf6 4. d3 Bc5 5. O-O O-O 6. h3 d6 7. c3 a5 8. Bb5 Ba7
9. Re1 Ne7 10. d4 Ng6 11. a4 c6 12. Bd3 Re8 13. Nbd2 h6 14. Bc2 Bb8 15. Nf1 d5
16. exd5 e4 17. Ne5 cxd5 18. Nxg6 fxg6 19. f3 Bf5 20. f4 Nh5 21. g4 Nxf4 22.
Bxf4 Bxf4 23. gxf5 gxf5 24. Qh5 Ra6 25. Qxf5 Rf8 26. Qh5 Raf6 27. h4 Qd7 28. Bd1
Qh3 29. Bg4 Qd3 30. Qxd5+ Kh8 31. Qxe4 Be3+ 32. Qxe3 Rxf1+ 33. Kg2 Qxe3 34. Rxe3
Rxa1 35. Re7 b6 36. Rb7 Rf6 37. Be2 g5 38. hxg5 hxg5 39. d5 Rb1 40. Kg3 Rg1+ 41.
Kh3 Rh6+ 0-1

[Event "Airthings Masters Div 2 W"]
[Site "chess.com INT"]
[Date "2023.02.06"]
[Round "1.4"]
[White "Yu, Yangyi"]
[Black "Sadhwani, Raunak"]
[Result "1/2-1/2"]
[WhiteTitle "GM"]
[BlackTitle "GM"]
[WhiteElo "2729"]
[BlackElo "2627"]
[WhiteFideId "8603820"]
[BlackFideId "35093487"]
[EventDate "2023.02.06"]

1. Nf3 d6 2. d4 g6 3. g3 Bg7 4. Bg2 f5 5. O-O Nf6 6. b3 O-O 7. Bb2 c6 8. Nbd2 a5
9. a3 Ne4 10. e3 Qc7 11. Nxe4 fxe4 12. Nd2 d5 13. c4 Bf5 14. Rc1 Qd7 15. f3 exf3
16. Nxf3 Na6 17. cxd5 cxd5 18. Ne5 Qe6 19. Qe2 Bxe5 20. dxe5 Be4 21. Bxe4 dxe4
22. Qc4 Rxf1+ 23. Kxf1 Qxc4+ 24. Rxc4 Kf7 25. Ke2 Ke6 26. Bc3 Kf5 27. h3 h5 28.
a4 b6 29. Rc6 Rb8 30. Bd4 Nc5 31. Bxc5 bxc5 32. Rxc5 Rxb3 33. Rxa5 Rb2+ 34. Kf1
Rh2 35. e6+ Kxe6 36. Rb5 1/2-1/2

[Event "Airthings Masters Div 2 W"]
[Site "chess.com INT"]
[Date "2023.02.06"]
[Round "1.1"]
[White "Andreikin, Dmitry"]
[Black "Deac, Bogdan-Daniel"]
[Result "1/2-1/2"]
[WhiteTitle "GM"]
[BlackTitle "GM"]
[WhiteElo "2729"]
[BlackElo "2700"]
[WhiteFideId "4158814"]
[BlackFideId "1226380"]
[EventDate "2023.02.06"]

1. c4 Nf6 2. Nc3 c5 3. Nf3 Nc6 4. g3 e6 5. Bg2 d5 6. cxd5 exd5 7. d4 cxd4 8.
Nxd4 Bc5 9. Nb3 Bb6 10. O-O d4 11. Na4 O-O 12. Bg5 Re8 13. Re1 h6 14. Nxb6 axb6
15. Bxf6 Qxf6 16. Bxc6 bxc6 17. Qxd4 Qd8 18. a3 Qc7 19. Rad1 c5 20. Qd6 Qb7 21.
Nc1 Bh3 22. Qd5 Qe7 23. Nd3 Rad8 24. Qh5 Qd7 25. f3 Be6 26. Nf2 Qb5 27. Rxd8
Rxd8 28. Qe5 Rd2 29. Nd3 Qb3 30. Qc3 Qxc3 31. bxc3 Ra2 32. Rb1 Bc4 33. Rxb6 Bxd3
34. exd3 Rxa3 1/2-1/2

[Event "Airthings Masters Div 2 W"]
[Site "chess.com INT"]
[Date "2023.02.06"]
[Round "1.2"]
[White "Deac, Bogdan-Daniel"]
[Black "Andreikin, Dmitry"]
[Result "1/2-1/2"]
[WhiteTitle "GM"]
[BlackTitle "GM"]
[WhiteElo "2700"]
[BlackElo "2729"]
[WhiteFideId "1226380"]
[BlackFideId "4158814"]
[EventDate "2023.02.06"]

1. d4 Nf6 2. c4 e6 3. Nc3 d5 4. Nf3 Be7 5. Bf4 O-O 6. e3 Nbd7 7. a3 c6 8. Qc2 a6
9. c5 Nh5 10. Bd3 Nxf4 11. exf4 Qc7 12. g3 Kh8 13. h4 h6 14. O-O b6 15. b4 a5
16. Qe2 Bb7 17. Kg2 Bf6 18. Ne5 axb4 19. axb4 Bxe5 20. fxe5 bxc5 21. bxc5 Rxa1
22. Rxa1 Ra8 23. Rxa8+ Bxa8 24. Qa2 Bb7 25. Qa7 Qb8 26. Qa5 f6 27. f4 Kg8 28.
Na4 Kf8 29. Nb6 Ke7 30. h5 f5 31. g4 fxg4 32. Kg3 Nf8 33. Kxg4 Kf7 34. Qa2 Bc8
35. Qa4 Qb7 36. Qc2 Bd7 37. f5 Qa7 38. Nxd7 Qxd7 39. fxe6+ Qxe6+ 40. Bf5 Qe7 41.
Qd2 Ne6 42. Qe3 Ke8 43. Kg3 Nc7 44. Bg6+ Kd8 45. Bf5 Nb5 46. Bd3 Nc7 47. Bf5 Nb5
48. Bd3 Nc7 49. Bf5 1/2-1/2

[Event "Airthings Masters Div 2 W"]
[Site "chess.com INT"]
[Date "2023.02.06"]
[Round "1.3"]
[White "Andreikin, Dmitry"]
[Black "Deac, Bogdan-Daniel"]
[Result "1-0"]
[WhiteTitle "GM"]
[BlackTitle "GM"]
[WhiteElo "2729"]
[BlackElo "2700"]
[WhiteFideId "4158814"]
[BlackFideId "1226380"]
[EventDate "2023.02.06"]

1. Nf3 d5 2. d4 Nf6 3. e3 Bf5 4. c4 e6 5. Nc3 c6 6. Nh4 Be4 7. f3 Bg6 8. Qb3 Qb6
9. Nxg6 hxg6 10. Bd2 Nbd7 11. cxd5 exd5 12. Qc2 Bd6 13. O-O-O Rc8 14. Kb1 c5 15.
g4 cxd4 16. exd4 O-O 17. h4 Bb4 18. h5 g5 19. Qb3 Bxc3 20. Bxc3 Qxb3 21. axb3
Rfd8 22. Ba5 b6 23. Bd2 Nh7 24. Ba6 Rc7 25. Rc1 Rxc1+ 26. Rxc1 Ndf8 27. Bc8 g6
28. Rc7 a5 29. hxg6 Nxg6 30. Bf5 Rd6 31. b4 axb4 32. Bxb4 Rd8 33. Bxg6 fxg6 34.
Rc6 Kf7 35. Rc7+ Kg8 36. Rc6 Kf7 37. Rxb6 Nf8 38. Rb7+ Rd7 39. Rxd7+ Nxd7 40.
Kc2 Nb8 41. Bd2 Nc6 42. Kc3 Kf6 43. b4 Na7 44. Kb3 1-0

[Event "Airthings Masters Div 2 W"]
[Site "chess.com INT"]
[Date "2023.02.06"]
[Round "1.4"]
[White "Deac, Bogdan-Daniel"]
[Black "Andreikin, Dmitry"]
[Result "1/2-1/2"]
[WhiteTitle "GM"]
[BlackTitle "GM"]
[WhiteElo "2700"]
[BlackElo "2729"]
[WhiteFideId "1226380"]
[BlackFideId "4158814"]
[EventDate "2023.02.06"]

1. d4 Nf6 2. c4 e6 3. Nf3 d5 4. Nc3 Be7 5. Bf4 O-O 6. e3 Nbd7 7. a3 c5 8. cxd5
Nxd5 9. Nxd5 exd5 10. dxc5 Nxc5 11. Be5 Bg4 12. Be2 Bxf3 13. Bxf3 Bf6 14. Bxf6
Qxf6 15. Qc2 Rac8 16. Bxd5 Ne6 17. Qb3 Nc5 18. Qb5 Rfd8 19. Rd1 Qe5 20. Qc4 Ne6
21. Qb3 Nc5 22. Qa2 Qf6 23. O-O g6 24. g3 Rc7 25. Qc4 Ne6 26. Qb3 Nc5 27. Qb4 b6
28. Rd4 Ne6 29. Bxe6 fxe6 30. Rxd8+ Qxd8 31. Qb3 Kf7 32. Rd1 Rd7 33. Rxd7+ Qxd7
34. Qc4 h5 35. h4 Qd1+ 36. Kg2 Qb1 37. Qc7+ Kf6 38. Qd8+ Kf7 39. Qd7+ Kf6 40.
Qd4+ Kf7 41. e4 Qc2 42. Kf3 Qc7 43. a4 a5 44. e5 Qc6+ 45. Qe4 Qd7 46. Kg2 Kg7
47. Qf3 Qxa4 48. Qf6+ Kh7 49. Qxe6 Qe4+ 50. Kh2 Qf5 51. Qe7+ Kh6 52. Kg2 Qe4+
53. Kg1 Qe1+ 54. Kg2 Qe4+ 55. Kh2 Qf5 56. Kg1 Qb1+ 57. Kg2 Qe4+ 1/2-1/2

[Event "Airthings Masters Div 2 W"]
[Site "chess.com INT"]
[Date "2023.02.06"]
[Round "1.1"]
[White "Yakubboev, Nodirbek"]
[Black "Bluebaum, Matthias"]
[Result "1-0"]
[WhiteTitle "GM"]
[BlackTitle "GM"]
[WhiteElo "2630"]
[BlackElo "2663"]
[WhiteFideId "14203987"]
[BlackFideId "24651516"]
[EventDate "2023.02.06"]

1. Nf3 d5 2. g3 Nf6 3. Bg2 e6 4. O-O Be7 5. c4 O-O 6. b3 a5 7. Nc3 d4 8. Nb5 Nc6
9. e3 e5 10. Bb2 Bg4 11. h3 Bh5 12. g4 Nxg4 13. hxg4 Bxg4 14. Qb1 f5 15. exd4 e4
16. Nh2 Be2 17. d5 Bc5 18. dxc6 bxc6 19. d4 exd3 20. Nc3 Qh4 21. Nxe2 dxe2 22.
Nf3 exf1=Q+ 23. Qxf1 Qh5 24. Ne5 Rad8 25. Bc3 Rf6 26. Bxc6 Rdd6 27. Bd5+ Kf8 28.
Re1 Rh6 29. Qe2 Qh2+ 30. Kf1 Rhe6 31. Qf3 Bxf2 32. Qxf5+ Ke7 33. Qf7+ Kd8 34.
Qf8+ Re8 35. Nf7+ Kc8 36. Qxe8+ Rd8 37. Qxd8# 1-0

[Event "Airthings Masters Div 2 W"]
[Site "chess.com INT"]
[Date "2023.02.06"]
[Round "1.2"]
[White "Bluebaum, Matthias"]
[Black "Yakubboev, Nodirbek"]
[Result "1-0"]
[WhiteTitle "GM"]
[BlackTitle "GM"]
[WhiteElo "2663"]
[BlackElo "2630"]
[WhiteFideId "24651516"]
[BlackFideId "14203987"]
[EventDate "2023.02.06"]

1. d4 Nf6 2. c4 e6 3. Nc3 Bb4 4. e3 b6 5. Bd3 Bb7 6. Nf3 O-O 7. Bd2 c5 8. a3
Bxc3 9. Bxc3 Ne4 10. Bxe4 Bxe4 11. dxc5 bxc5 12. Qd6 Nc6 13. Qxc5 d6 14. Qg5 f6
15. Qh4 d5 16. Rd1 Qe8 17. cxd5 Bxd5 18. O-O Ne7 19. e4 Ng6 20. Qg4 f5 21. exf5
Rxf5 22. Nd4 Rf4 23. Qg3 Qf7 24. f3 e5 25. Nb5 Rb8 26. Nd6 Qe6 27. Ne4 Bxe4 28.
fxe4 Rg4 29. Qe3 Nf4 30. g3 Nh3+ 31. Kg2 Ng5 32. Qd3 h5 33. Qd5 Rxe4 34. Qxe6+
Nxe6 35. Rfe1 Rxe1 36. Rxe1 Nc5 37. Rxe5 Na4 38. Bd4 Nxb2 39. Re7 Nc4 40. Rxg7+
Kf8 41. Rxa7 Rd8 42. Bc5+ Kg8 43. Kf3 Rd2 44. h4 Rd5 45. Bb4 Rd3+ 46. Kf4 Rd4+
47. Kg5 Rg4+ 48. Kxh5 Rxg3 49. a4 Nb6 50. Bd6 Rg2 51. a5 Nd5 52. Be5 Re2 53. Kg6
Kf8 54. Bd6+ Ke8 55. Kf5 Ne3+ 56. Ke4 Nc4+ 57. Kd3 Rd2+ 58. Kxc4 Rxd6 59. Rh7
Kf8 60. Kb5 Rd5+ 61. Kb6 Rd6+ 62. Kb7 Kg8 63. Rc7 1-0

[Event "Airthings Masters Div 2 W"]
[Site "chess.com INT"]
[Date "2023.02.06"]
[Round "1.3"]
[White "Yakubboev, Nodirbek"]
[Black "Bluebaum, Matthias"]
[Result "1-0"]
[WhiteTitle "GM"]
[BlackTitle "GM"]
[WhiteElo "2630"]
[BlackElo "2663"]
[WhiteFideId "14203987"]
[BlackFideId "24651516"]
[EventDate "2023.02.06"]

1. Nf3 d5 2. g3 Nf6 3. Bg2 e6 4. O-O Bd6 5. d4 O-O 6. b3 c5 7. Bb2 Nc6 8. e3 b6
9. Ne5 Bb7 10. Nd2 Qc7 11. Nxc6 Bxc6 12. dxc5 Bxc5 13. Bxf6 gxf6 14. c4 dxc4 15.
Qg4+ Kh8 16. Qxc4 Bxg2 17. Kxg2 Qb7+ 18. e4 Rfd8 19. Nf3 Rac8 20. Qe2 b5 21.
Rfd1 Ba3 22. h4 a6 23. h5 h6 24. Qe3 Kg7 25. Qf4 Qb8 26. e5 Be7 27. Rxd8 Rxd8
28. Rc1 Qb7 29. Rc7 1-0

[Event "Airthings Masters Div 2 W"]
[Site "chess.com INT"]
[Date "2023.02.06"]
[Round "1.4"]
[White "Bluebaum, Matthias"]
[Black "Yakubboev, Nodirbek"]
[Result "0-1"]
[WhiteTitle "GM"]
[BlackTitle "GM"]
[WhiteElo "2663"]
[BlackElo "2630"]
[WhiteFideId "24651516"]
[BlackFideId "14203987"]
[EventDate "2023.02.06"]

1. d4 Nf6 2. c4 e6 3. Nc3 Bb4 4. e3 c5 5. Bd3 cxd4 6. exd4 d5 7. cxd5 Nxd5 8.
Ne2 Nc6 9. O-O O-O 10. a3 Bd6 11. Re1 Qh4 12. g3 Qh5 13. Nxd5 exd5 14. Bf4 Bxf4
15. Nxf4 Qxd1 16. Raxd1 Bg4 17. Rd2 Rad8 18. Bb5 Na5 19. Re7 a6 20. Bf1 b5 21.
Bg2 Nc4 22. Rc2 g5 23. Nxd5 Be6 24. Nc7 Rxd4 25. Bf3 Bh3 26. Re1 Rfd8 27. Nxa6
Rd2 28. Rxd2 Rxd2 29. b3 Nxa3 30. Nc5 h6 31. Bg2 Bxg2 32. Kxg2 Nc2 33. Re4 Rd5
34. Re8+ Kg7 35. Ne4 Ne1+ 36. Kf1 Nf3 37. h3 h5 38. Rg8+ Kxg8 39. Nf6+ Kg7 40.
Nxd5 Nd2+ 41. Ke2 Nxb3 42. Nc3 b4 43. Nd5 Nd4+ 44. Kd3 Nc6 45. Kc4 Kg6 46. Kc5
Ne5 47. Nxb4 Nf3 48. Nd3 Kf5 49. Kd5 f6 50. Nc5 Ng1 51. Ne6 Nxh3 52. f3 Nf2 53.
Nd4+ Kg6 54. Ne2 h4 55. gxh4 gxh4 56. Kd4 Kf5 57. Ke3 Nd1+ 58. Kd2 Nb2 59. Ke3
Nc4+ 60. Kf2 Ne5 61. Kg2 Nd3 62. Nd4+ Ke5 63. Nc2 Kf4 64. Kh3 Kg5 65. Nd4 Nf4+
66. Kh2 f5 67. Nc2 Kf6 68. Nd4 Ke5 69. Nc6+ Kf6 70. Nd4 Ng6 71. Kh3 Ke5 72. Nc6+
Kd5 73. Nb4+ Kd4 74. Nc2+ Kd3 75. Nb4+ Ke3 76. f4 Kxf4 77. Nd3+ Kg5 78. Ne1 Nf4+
79. Kh2 Kg4 80. Nc2 Nd5 81. Nd4 f4 82. Kg2 Ne3+ 83. Kf2 h3 84. Nf3 Nd1+ 85. Ke2
Nc3+ 86. Kf2 Ne4+ 87. Ke2 Kg3 88. Nd4 h2 89. Nf5+ Kh3 90. Kf3 h1=Q+ 91. Kxf4 Nf2
92. Ne3 Qe4+ 93. Kg5 Qxe3+ 94. Kg6 Qe5 95. Kh7 Qg5 96. Kh8 Ng4 97. Kh7 Nf6+ 98.
Kh8 Qg8# 0-1

[Event "Airthings Masters Div 2 W"]
[Site "chess.com INT"]
[Date "2023.02.06"]
[Round "1.1"]
[White "Caruana, Fabiano"]
[Black "Ghosh, Diptayan"]
[Result "1-0"]
[WhiteTitle "GM"]
[BlackTitle "GM"]
[WhiteElo "2766"]
[BlackElo "2553"]
[WhiteFideId "2020009"]
[BlackFideId "5045207"]
[EventDate "2023.02.06"]

1. c4 Nf6 2. Nc3 e5 3. Nf3 Nc6 4. g3 Bb4 5. Nd5 Bc5 6. b4 Nxb4 7. Nxb4 e4 8. Rb1
exf3 9. e3 O-O 10. Qxf3 d6 11. Bg2 Be6 12. Nd5 Nxd5 13. cxd5 Bd7 14. O-O Bb6 15.
Qf4 Qe7 16. Bb2 Rae8 17. Rfc1 f6 18. a4 a5 19. Ba3 g5 20. Qc4 Bf5 21. Rb5 Bd7
22. Rb3 Rc8 23. Bb2 Qe8 24. Ra1 Qe7 25. h4 h6 26. Kh2 Bf5 27. Bc3 Kg7 28. Rc1
Rfe8 29. Rb5 Bd7 30. Bh3 Bxh3 31. Kxh3 Qd7+ 32. Qg4 Qxg4+ 33. Kxg4 gxh4 34. gxh4
Re4+ 35. Kf5 Rxa4 36. Rxb6 Kf7 37. Rxb7 Rc4 38. Rg1 Rxh4 39. Rg7+ 1-0